Państwa, w których byłem (Michabra24) - Statystyki

Ogólne statystyki
  • Ten quiz został rozwiązany 14 razy
  • Średni wynik to 5 z 6
Statystyki odpowiedzi
Data ostatniego pobytu Odpowiedź % Poprawnych
08.2025 Czechy
100%
08.2025 Niemcy
86%
2026 Polska
86%
08.2019 Włochy
86%
08.2019 Austria
57%
08.2019 Szwajcaria
43%
Nie znaleziono quizów pasujących do podanych kryteriów
Rozkład punktacji
Procent ludzi z każdym wynikiem
Percentyl według liczby udzielonych odpowiedzi
Twoja historia wyników
Nie rozwiązałeś tego quizu